000 00471nam a2200181Ia 4500
003 OSt
005 20250203142138.0
008 210210b1980 xxu||||| |||| 00| 0 eng d
040 _cKannada
082 _aK894.3 BICL
100 _aBICHI.
_9131330
_dಬೀಚಿ
245 _aLakshmipuje.
_bಲಕ್ಷ್ಮೀ ಪೂಜೆ
260 _aBengaluru
_bPrakasha Sahitya
_c1980
300 _a191
690 _aKannada Fiction
_9131331
906 _a036078
942 _2ddc
_cBK
999 _c86407
_d86407